[Event "Cape Town Masters"]
[Site "Cape Town"]
[Date "2025.01.10"]
[Round "7"]
[White "Rogov, Timofey"]
[Black "Lin, Chenyi"]
[Result "0-1"]
[WhiteElo "1836"]
[BlackElo "1962"]
[PlyCount "106"]
[EventDate "2025.01.06"]
[EventType "swiss"]
[EventRounds "9"]
[EventCountry "RSA"]
[SourceTitle "CB03_2025"]
[SourceDate "2025.01.15"]
[SourceVersion "1"]
[SourceVersionDate "2025.01.15"]
[SourceQuality "1"]

1. d4 d5 2. Nf3 e6 3. c4 a6 4. Nc3 dxc4 5. a4 Nc6 6. e4 Na5 7. Be3 Nf6 8. Nd2 c5 9. Nxc4 Qc7 10. d5 exd5 11. exd5 Nxc4 12. Bxc4 Be7 13. h3 0-0 14. 0-0 b6 15. Qf3 Bb7 16. Rad1 Rad8 17. Rfe1 Ne8 18. Ne4 Qd7 19. Qh5 Nf6 20. Nxf6+ Bxf6 21. b3 Rfe8 22. Bg5 Qf5 23. Rxe8+ Rxe8 24. d6 Bd4 25. Qxf7+ Qxf7 26. Bxf7+ Kxf7 27. d7 Bd5 28. dxe8Q+ Kxe8 29. Be3 Bxb3 30. Re1 Kd7 31. Bxd4 cxd4 32. Re4 d3 33. Rd4+ Kc6 34. Rxd3 Bxa4 35. Rg3 g6 36. Kf1 b5 37. Ke2 Kc5 38. Rg4 Bb3 39. Kd2 Bc4 40. Rh4 Bg8 41. Re4 b4 42. Kc2 a5 43. Re7 a4 44. Rg7 Bd5 45. Rxh7 Bxg2 46. Rh4 a3 47. Kb1 Bf1 48. Rh8 b3 49. Rc8+ Kb4 50. Rb8+ Kc3 51. f4 Bxh3 52. Ka1 Be6 53. f5 b2+ 0-1

[Event "Cape Town Masters"]
[Site "Cape Town"]
[Date "2025.01.08"]
[Round "4"]
[White "Rogov, Timofey"]
[Black "Mfazwe, Lutho"]
[Result "0-1"]
[WhiteElo "1836"]
[BlackElo "2001"]
[PlyCount "67"]
[EventDate "2025.01.06"]
[EventType "swiss"]
[EventRounds "9"]
[EventCountry "RSA"]
[SourceTitle "CB03_2025"]
[SourceDate "2025.01.15"]
[SourceVersion "1"]
[SourceVersionDate "2025.01.15"]
[SourceQuality "1"]

1. d4 Nf6 2. Nf3 g6 3. c4 Bg7 4. Nc3 0-0 5. e4 d6 6. Be2 e5 7. d5 a5 8. h4 Na6 9. Ng5 h6 10. Nh3 Nc5 11. f3 Nh5 12. Nf2 Ng3 13. Rh2 f5 14. h5 Nxh5 15. exf5 Nf4 16. Bxf4 exf4 17. fxg6 Qg5 18. Nce4 Qxg6 19. Qc2 Bf5 20. 0-0-0 Na6 21. Qb3 a4 22. Qa3 Nc5 23. Bd3 Bd4 24. Rdh1 Bxf2 25. Nxf2 Bxd3 26. Rxh6 Qe8 27. Ng4 Nb3+ 28. axb3 Qe2 29. Rh8+ Kg7 30. R8h7+ Bxh7 31. Rxh7+ Kxh7 32. bxa4 Qxc4+ 33. Kd2 Rxa4 34. Qb4 0-1

[Event "Cape Town Masters"]
[Site "Cape Town"]
[Date "2025.01.07"]
[Round "3"]
[White "Selepe, Lwazi"]
[Black "Rogov, Timofey"]
[Result "1/2-1/2"]
[WhiteElo "1930"]
[BlackElo "1836"]
[PlyCount "106"]
[EventDate "2025.01.06"]
[EventType "swiss"]
[EventRounds "9"]
[EventCountry "RSA"]
[SourceTitle "CB03_2025"]
[SourceDate "2025.01.15"]
[SourceVersion "1"]
[SourceVersionDate "2025.01.15"]
[SourceQuality "1"]

1. e4 e5 2. Nf3 Nc6 3. Bb5 a6 4. Ba4 Nf6 5. Qe2 b5 6. Bb3 Bc5 7. c3 0-0 8. d3 d6 9. Nbd2 Bb6 10. h3 Ne7 11. Nf1 Ng6 12. g4 Bb7 13. Ng3 d5 14. g5 Ne8 15. h4 dxe4 16. dxe4 Nd6 17. Bc2 f5 18. Nxf5 Nxf5 19. exf5 e4 20. Nd4 Bxd4 21. cxd4 Rxf5 22. Be3 Nf4 23. Qg4 Qf8 24. 0-0-0 Nd3+ 25. Kb1 Nxf2 26. Bxf2 Rxf2 27. Rhe1 Re8 28. d5 Bc8 29. Qg3 Qc5 30. Rc1 Bf5 31. Re3 Rd2 32. Qf4 Qd4 33. Rc3 Qf2 34. Qxf2 Rxf2 35. Rxc7 e3 36. Bxf5 Rxf5 37. d6 Rd5 38. d7 Rd8 39. R7c3 R5xd7 40. Rxe3 Rd1 41. Re6 a5 42. Rxd1 Rxd1+ 43. Kc2 Rd5 44. Kc3 Kf7 45. Ra6 Rc5+ 46. Kb3 a4+ 47. Ka3 Rc4 48. h5 Rg4 49. Ra7+ Kf8 50. Ra8+ Kf7 51. Ra7+ Kf8 52. Ra8+ Kf7 53. Ra7+ Kf8 1/2-1/2

[Event "Kimberley Extravaganza op"]
[Site "Kimberley"]
[Date "2024.09.27"]
[Round "5"]
[White "Mpya, Tshediso M"]
[Black "Rogov, Timofey"]
[Result "1/2-1/2"]
[WhiteElo "1937"]
[BlackElo "1860"]
[PlyCount "130"]
[EventDate "2024.09.25"]
[EventType "swiss"]
[EventRounds "9"]
[EventCountry "RSA"]
[SourceTitle "EXT 2025"]
[Source "ChessBase"]
[SourceDate "2024.10.14"]
[SourceVersion "1"]
[SourceVersionDate "2024.10.14"]
[SourceQuality "1"]

1. d4 e5 2. dxe5 d6 3. Nf3 Bg4 4. Bg5 Qd7 5. Nc3 Nc6 6. e4 Bxf3 7. Qxf3 Nxe5 8. Qe3 h6 9. Bh4 g5 10. Bg3 Ng6 11. Bc4 Nf6 12. 0-0-0 Ng4 13. Qe2 N4e5 14. Bb5 c6 15. Ba4 0-0-0 16. Kb1 Qc7 17. Rd2 h5 18. h4 gxh4 19. Bxh4 Nxh4 20. Rxh4 Qb6 21. Bb3 Bg7 22. Rxh5 Rxh5 23. Qxh5 Kc7 24. Qg5 Nc4 25. Rd3 Bxc3 26. Rxc3 Rh8 27. Rh3 Rxh3 28. gxh3 Qd4 29. Bxc4 Qxc4 30. Qg2 Qe2 31. a3 Qd1+ 32. Ka2 Qxc2 33. Qf3 Qc4+ 34. Kb1 c5 35. h4 Qf1+ 36. Kc2 Qc4+ 37. Kd2 Qd4+ 38. Ke1 Qxb2 39. Qxf7+ Kb6 40. Qd5 Qxa3 41. Qxd6+ Kb5 42. e5 Qc1+ 43. Ke2 Qf4 44. Qd7+ Kb6 45. Qd8+ Kb5 46. Qd7+ Kb6 47. e6 Qe4+ 48. Kd2 Qf4+ 49. Kd3 Qf5+ 50. Ke3 Qe5+ 51. Kf3 Qf5+ 52. Kg3 Qg6+ 53. Kh2 Qf6 54. Qd6+ Kb5 55. Qd3+ Kc6 56. Qd7+ Kb6 57. Kg3 Qg6+ 58. Kf4 Qf6+ 59. Ke4 Qxh4+ 60. f4 Qh1+ 61. Kf5 Qh5+ 62. Kf6 Qh6+ 63. Ke7 Qg7+ 64. Kd8 Qf8+ 65. Qe8 Qd6+ 1/2-1/2